Europäische Hauptstädte nach Buchstaben- K - Statistiken

Allgemein
  • Dieses Quiz wurde 119 mal gespielt
  • Das Durchschnittsergebnis liegt bei 8 aus 10
Antwortstatistiken
Antwort % Korrekt
Kiew
98%
Kopenhagen
92%
Stockholm
86%
Bukarest
85%
Moskau
85%
Reykjavik
81%
Helsinki
80%
Minsk
79%
Vatikan
68%
Skopje
64%
Keine übereinstimmenden Quizze gefunden
Verteilung der Resultate
Anzahl Personen mit jedem Resultat
Perzentil nach korrekt beantworteten Fragen
Ihre Resultats-Entwicklung
Sie haben dieses Quiz noch nicht gespielt